000
00209nam a22000977a 4500
082
_a
823
_b
STI/G
100
_a
STINE, A L
245
_a
GOOSEBUMPS INVASION OF BODY SQUEEZER
650
_a
ENGLISH STORY
942
_c
BK
999
_c
7681
_d
7681